01808naa a2200301 i 4500001000400000003000400004005001700008008003900025040000800064080001100072080000800083100014600091245024400237260001000481500002100491520025600512650002100768650002400789655003000813700003600843700014900879700015301028773018701181711007201368942001301440999001501453952003801468BPPBPK20180124125929.0141006s2012 pl f |100 0 pol cBPK a637.56 a639 aDUTKIEWICZ, Daniel.d1999 - .bPolitechnika Koszalińska - Wydział Mechaniczny,cKatedra Procesów i Urządzeń Przemysłu Spożywczego aOkreślenie parametrów maszynowego odgławiania cięciem klinowym i wycinania kręgosłupa ryb na postawie bezpośredniego pomiaru długości głowy /cDaniel Dutkiewicz, Krzysztof Kukiełka, Andrzej Wiśniewski, Remigiusz Cyberny. c2012. aDane z autopsji. aW pracy przedstawiono nową możliwość określania parametru maszynowego odgławiania cięciem klinowym i parametru grubości kręgosłupa wycinanego w operacjach filetowania i płatowania w oparciu o bezpośredni pomiar długości głowy. 0aPrzemysł rybny. 0aRyby - technologia. 0aMateriały konferencyjne. aCYBERNY, Remigiusz - doktorant. aWIŚNIEWSKI, Andrzej.d2009 - .bPolitechnika Koszalińska - Wydział Mechaniczny,cKatedra Procesów i Urządzeń Przemysłu Spożywczego aKUKIEŁKA, Krzysztof.d2009 - .bPolitechnika Koszalińska - Wydział Mechaniczny,cKatedra Inżynierii Produkcji - Zakład Metrologii i Jakości iW :tBudowa i eksploatacja maszyn przemysłu spożywczego BEMS 2004 : XV Konferencja Naukowo-Techniczna. -dKoszalin : Wydaw. Uczelniane Politechniki Koszaliäskiej, 2012. -gs. 50 a BEMS 2012n(15 ;d2012 ;cKoszalin-Kołobrzeg, Polska).pBEMS 2012 cART2UKD c6409d6409 00104070aBPKbBPKo100793yART